1111 1577 1163 1939 1996 1848 1834 1152 1098 1173 1471 1838 1753 1717 1872 1940 1642 1293 1261 1926 1770 1220 1368 1262 1829 1062 1050 1930 1013 1962 1159 1869 1418 1607 1393 1935 1305 1767 1528 1140 1465 1656 1103 1319 1231 1002 1182 1192 1032 1279 1331 1588 1369 1310 1384 1254 1654 1364 1495 1875 1966 1117 1748 1749 1108 1206 1241 1076 1148 1508 1837 1382 1672 1247 1430 1893 1999 1543 1318 1528 1319 1867 1528 1171 1329 1209 1441 1656 1338 1278 1024 1163 1179 1770 1999 1926 1031 1878 1735 BCNSPRNW ULIB Ver.6.0+V

เปลี่ยนเป็นภาษาไทย

Change to English
 แสดงรายละเอียดบรรณานุกรม
  กลับหน้าหลัก

Brief Record : Get Marc (ISO 2709) : E-mail record : QR code < ปิดหน้าต่าง
LEADER : 00000nam 2200000uu 4500
001    13399122924
003     ULIB
008    131030s2556||||th 000 0 tha d
020    ^a978616732855
060  4 ^aW225.JT3^bค695
245 00 ^aคู่มือหลักประกันสุขภาพแห่งชาติ ปีงบประมาณ 2557 /^cสำนักงานหลักประกันสุขภาพแห่งชาติ
246 30 ^aคู่มือหลักประกันสุขภาพแห่งชาติ
250    ^aพิมพ์ครั้งที่ 1
260    ^aนนทบุรี :^bสำนักงานหลักประกันสุขภาพแห่งชาติ ,^c2556
300    ^a^283 หน้า ;^c21 ซม.
504    ^aสำหรับผู้บริหาร/ผู้ปฎิบัติงาน/ผู้สร้างหลักประกันสุขภาพถ้วนหน้า
650  7 ^aบริการสุขภาพ^vคู่มือ
650  7 ^aประกันสุขภาพ^vคู่มือ
653    ^aหลักประกันสุขภาพแห่งชาติ
710 2  ^aสำนักงานหลักประกันสุขภาพแห่งชาติ
945    ^p0^l0^i034142
945    ^p0^l0^i034143
999    ^aเกษร โพธิ์สุวรรณ
รายการนี้ยังไม่มีแท็ก
คุณยังไม่ได้ล็อกอิน คุณสามารถมีกิจกรรมร่วมกับเว็บไซต์ได้ แต่ต้องล็อกอินก่อน ::
  ล็อกอิน

รายการสื่อสารสนเทศ

ลำดับที่ ประเภท เลขเรียก/บาร์โค้ด สถานที่ สถานะ
1. วิทยาศาสตร์การแพทย์ และสุขภาพ
หนังสือสำรอง
สถานะ=หนังสือสำรอง
W225.JT3 ค695 ฉ.1 
  Barcode: 034142
ห้องสมุดวิทยาเขตสวรรค์ประชารักษ์
►ส่วนจัดเก็บหนังสือเก่า สปร
บนชั้น
  ขอยืม
2. วิทยาศาสตร์การแพทย์ และสุขภาพ
วิทยาศาสตร์การแพทย์ และสุขภาพ
W225.JT3 ค695 ฉ.2 
  Barcode: 034143
ห้องสมุดวิทยาเขตสวรรค์ประชารักษ์
►ส่วนจัดเก็บหนังสือเก่า สปร
บนชั้น
  ขอยืม

BibComment


ยังไม่เคยถูกคอมเมนท์

คอมเมนท์ทรัพยากรรายการนี้
  คอมเมนท์: คู่มือหลักประกัน..


 Copyright 2026. Bcnsprnw @Library